Central Library OPAC University of Rajshahi

Flavours of Korea : (Record no. 67256)

MARC details
000 -LEADER
fixed length control field 00814nam a2200253 a 4500
001 - CONTROL NUMBER
control field 67256
003 - CONTROL NUMBER IDENTIFIER
rucl marc code BD-RjUL
005 - DATE AND TIME OF LATEST TRANSACTION
control field 20211209081630.0
008 - FIXED-LENGTH DATA ELEMENTS--GENERAL INFORMATION
fixed length control field 170323r19941991enka 001 0 eng d
020 ## - INTERNATIONAL STANDARD BOOK NUMBER
International Standard Book Number 0233986359 pbk
035 ## - SYSTEM CONTROL NUMBER
System control number (BD-RjUL)67387
040 ## - CATALOGING SOURCE
Original cataloging agency BD-RjUL
Language of cataloging eng
Transcribing agency BD-RjUL
041 ## - LANGUAGE CODE
Language code of text/sound track or separate title eng
082 ## - DEWEY DECIMAL CLASSIFICATION NUMBER
Edition number 23
Classification number 647.59519
Author mark and year MIF 1994
100 1# - MAIN ENTRY--PERSONAL NAME
Personal name Millon, Marc.
9 (RLIN) 199270
245 10 - TITLE STATEMENT
Title Flavours of Korea :
Remainder of title with stories and recipes from a Korean grandmother's kitchen /
Statement of responsibility, etc. Marc and Kim Millon
260 ## - PUBLICATION, DISTRIBUTION, ETC. (IMPRINT)
Place of publication, distribution, etc. London :
Name of publisher, distributor, etc. André Deutsch,
Date of publication, distribution, etc. 1991 [2nd impression 1994]
300 ## - PHYSICAL DESCRIPTION
Pagination vii, 201 p. :
Illustrations ill.;
Size 23 cm.
504 ## - BIBLIOGRAPHY, ETC. NOTE
Bibliography, etc Includes bibliography and index.
650 #0 - SUBJECT ADDED ENTRY--TOPICAL TERM
Topical term or geographic name as entry element Cooking, Korean
9 (RLIN) 199271
651 #0 - SUBJECT ADDED ENTRY--GEOGRAPHIC NAME
Geographic name Korea
General subdivision Social life and customs
9 (RLIN) 199272
700 1# - ADDED ENTRY--PERSONAL NAME
Personal name Millon, Kim.
942 ## - ADDED ENTRY ELEMENTS (KOHA)
Source of classification or shelving scheme Dewey Decimal Classification
Koha item type Books
Holdings
Lost status Source of classification or shelving scheme Damaged status Not for loan Collection code Permanent Location Current Location Shelving location Date acquired Source of acquisition Cost, normal purchase price Total Checkouts Full call number Date last seen Copy number Koha item type
  Dewey Decimal Classification   Not For Loan Non-fiction Central Library, University of Rajshahi Central Library, University of Rajshahi Reading Room 11/06/1996 The Korea Foundation 0.00   647.59519 MIF 1994 23/03/2017 C-1 Books